000
00341nam a22001457a 4500
008
221216b ||||| |||| 00| 0 eng d
020
_a
978805373284
041
_a
eng
080
_2
EIIGHTH EDITION
_a
611
082
_a
611MAR
100
_a
10
101
_a
ANATO
245
_a
ESSENTIALS OF HUMAN PHYSIOLOGY
_c
MARIEB N E
942
_2
udc
_c
BK
999
_c
59202
_d
59202